MARC

LEADER 00000nam0a2200000 4500
001 261297
005 20231101233543.0
035 |a (RuTPU)RU\TPU\book\284273 
090 |a 261297 
100 |a 20140522d1932 k y0rusy50 ca 
101 0 |a rus 
102 |a RU 
105 |a a z 000zy 
200 1 |a Производство минеральных удобрений  |f П. И. Базанов 
210 |a Москва  |a Ленинград  |d 1932 
215 |a 88 с.  |c ил. 
606 1 |a Минеральные удобрения  |x Производство  |2 stltpush  |3 (RuTPU)RU\TPU\subj\72532  |9 86002 
610 1 |a сельское хозяйство 
610 1 |a применение 
610 1 |a фосфорные удобрения 
610 1 |a суперфосфат 
610 1 |a азотные удобрения 
610 1 |a синтез 
610 1 |a сульфат аммония 
610 1 |a калийные соли 
610 1 |a добыча 
610 1 |a обогащение 
675 |a 661.152  |v 3 
700 1 |a Базанов  |b П. И. 
801 1 |a RU  |b 63413507  |c 20140522 
801 2 |a RU  |b 63413507  |c 20140626  |g RCR 
942 |c BK